000 00777nam a2200265Ia 4500
003 GCL
008 140319s9999 xx 000 0 ara d
040 _aGCL /
_cGCL
082 0 4 _a301.241
_bك س
100 1 _aعبدالعزيز كامل
245 1 0 _aالسلالة والمجتمع /
_cعبدالعزيز كامل
700 1 _aكينيث ليتل
700 1 _aمحمد جلال عباس (مترجم)
260 _a[S.N] :
_bدار الفكر العربى
300 _a130 ص
490 _a
650 0 4 _aالحضارة
650 0 4 _aافريقيا
650 0 4 _aالتغير الاجتماعى
650 0 4 _aالمجتمعات البدائية
650 0 4 _aالمواطنة
650 0 4 _aالانساب
650 0 4 _aالاجناس
942 _2ddc
_cBK
999 _c27673
_d27673